Haltestellen zwischen Offenburg und Freiburg Hbf - Statistiken

Allgemein
  • Dieses Quiz wurde 47 mal gespielt
  • Das Durchschnittsergebnis liegt bei 10 aus 16
Antwortstatistiken
Antwort % Korrekt
Emmendingen
86%
Freiburg Hbf
86%
Offenburg
84%
Lahr
81%
Ringsheim/Europa-Park
78%
Denzlingen
73%
Riegel-Malterdingen
70%
Herbolzheim
65%
Gundelfingen
62%
Freiburg-Herdern
57%
Kenzingen
54%
Teningen-Mundingen
54%
Friesenheim
49%
Orschweier
49%
Kollmarsreute
35%
Köndringen
30%
Keine übereinstimmenden Quizze gefunden
Verteilung der Resultate
Anzahl Personen mit jedem Resultat
Perzentil nach korrekt beantworteten Fragen
Ihre Resultats-Entwicklung
Sie haben dieses Quiz noch nicht gespielt